000 01120nam a22002897i 4500
005 20251201084819.0
008 250906s2023 jo ||||gr|||| 00| 0 ara d
020 _a9789923769317
040 _aJO-AmGAM
_erda
082 1 4 _a616.97
_bس ا ح
100 _aالساحوري، نور
_eمؤلف.
245 1 0 _aحساسية الغذاء :
_bتشخيصها، اعراضها، مضاعفاتها، وطرق التعايش معها /
_cد. نور الساحوري [و 4 آخرون].
250 _aالطبعة الأولى.
264 _aعمان :
_bدار ورد الأردنية للنشر والتوزيع،
_c2023.
300 _a133 صفحة.
336 _2rdacontent
_aنص
_btxt
337 _2rdamedia
_aدون وسيط عرض
_bn
338 _2rdacarrier
_aمجلد
_bnc
650 1 7 _aالحساسية (مرض).
650 1 7 _aامراض المناعة.
700 1 _aغزاوي، هديل علي
_eمؤلف.
700 1 _aصبح، هديل
_eمؤلف.
700 1 _aخضير، فريد
_eمؤلف.
700 1 _aأبو دولة، غيداء
_eمؤلف.
942 _2ddc
_cBK
999 _c247384
_d247384